1458 1196 1969 1485 1628 1542 1458 1658 1487 1348 1700 1555 1245 1136 1224 1291 1217 1053 1075 1838 1640 1931 1663 1835 1419 1315 1474 1939 1670 1779 1247 1576 1558 1652 1168 1336 1869 1906 1854 1681 1922 1392 1867 1115 1405 1429 1964 1117 1636 1154 1258 1611 1757 1659 1256 1884 1336 1574 1606 1738 1584 1664 1173 1069 1550 1612 1715 1936 1740 1082 1934 1174 1242 1472 1438 1859 1376 1570 1303 1358 1865 1662 1193 1051 1191 1929 1100 1395 1851 1190 1075 1312 1572 1000 1522 1729 1328 1966 1989 BCNSPRNW ULIB Ver.6.0+V

เปลี่ยนเป็นภาษาไทย

Change to English
 แสดงรายละเอียดบรรณานุกรม
  กลับหน้าหลัก

Brief Record : Get Marc (ISO 2709) : E-mail record : QR code < ปิดหน้าต่าง
LEADER : 00000nam 2200000uu 4500
001    13399124325
003     ULIB
008    150317s2557||||th 000 0 tha d
060  4 ^aWY18.2^bส927
110    ^aกระทรวงสาธารณสุข.^bสำนักงานปลัดกระทรวงสาธารณสุข.^bสถาบันพระบรมราชชนก.^bเครือข่ายวิทยาลัยพยาบาลภาคเหนือ.
245    ^aสาระทบทวนวิชากฎหมายและจรรยาบรรณวิชาชีพการพยาบาล/^cคณาจารย์วิทยาลัยพยาบาลเครือข่ายภาคเหนือ สถาบันพระบรมราชชนก
250    ^aพิมพ์ครั้งที่ 1
260    ^aมปก :^bเครือข่ายวิทยาลัยพยาบาลภาคเหนือ สถาบันพระบรมราชชนก.,^c2557
300    ^a161 หน้า;^b30 ซม.
650    ^aกฎหมายและจรรยาบรรณวิชาชีพการพยาบาล^xสาระทบทวน
650    ^aกฎหมายและจรรยาบรรณวิชาชีพการพยาบาล^xเตรียมสอบ
700 0  ^aอัญชลี แก้วสระศรี,^eบรรณาธิการ
700 0  ^aยงยุทธ แก้วเต็ม,^eบรรณาธิการ
700 0  ^aราตรี เที่ยงจิตต์,^eบรรณาธิการ
945    ^p0^l0^i22942
945    ^p0^l0^i22943
999    ^aทศพร เกษรทอง
รายการนี้ยังไม่มีแท็ก
คุณยังไม่ได้ล็อกอิน คุณสามารถมีกิจกรรมร่วมกับเว็บไซต์ได้ แต่ต้องล็อกอินก่อน ::
  ล็อกอิน

รายการสื่อสารสนเทศ

ลำดับที่ ประเภท เลขเรียก/บาร์โค้ด สถานที่ สถานะ
1. Book การพยาบาล
Book การพยาบาล
WY18.2 ส927 ฉ.1 
  Barcode: 22942
ห้องสมุดวิทยาเขตนครสวรรค์
►หนังสือทั่วไป:l:General Books
บนชั้น
2. Book การพยาบาล
Book การพยาบาล
WY18.2 ส927 ฉ.2 
  Barcode: 22943
ห้องสมุดวิทยาเขตนครสวรรค์
►หนังสือทั่วไป:l:General Books
บนชั้น

BibComment


ยังไม่เคยถูกคอมเมนท์

คอมเมนท์ทรัพยากรรายการนี้
  คอมเมนท์: สาระทบทวนวิชากฎห..


 Copyright 2026. Bcnsprnw @Library